Implementation and application of automata : (Record no. 23765)

MARC details
000 -LEADER
fixed length control field 01209cam a2200337 i 4500
001 - CONTROL NUMBER
control field 13807994
003 - CONTROL NUMBER IDENTIFIER
control field EG-ScBUE
005 - DATE AND TIME OF LATEST TRANSACTION
control field 20240909093714.0
008 - FIXED-LENGTH DATA ELEMENTS--GENERAL INFORMATION
fixed length control field 041207t2005 gw a f b 101 0 eng d
020 ## - INTERNATIONAL STANDARD BOOK NUMBER
International Standard Book Number 3540243186
020 ## - INTERNATIONAL STANDARD BOOK NUMBER
International Standard Book Number 9783540243182
040 ## - CATALOGING SOURCE
Original cataloging agency CUI
Language of cataloging eng
Description conventions rda
Transcribing agency CUI
Modifying agency C$Q
-- DLC
-- EG-ScBUE
082 04 - DEWEY DECIMAL CLASSIFICATION NUMBER
Edition number 22
Classification number 511.35
Item number IMP
111 2# - MAIN ENTRY--MEETING NAME
Meeting name or jurisdiction name as entry element CIAA (Conference)
Date of meeting (2004 :
Location of meeting Kingston, Ont.)
245 10 - TITLE STATEMENT
Title Implementation and application of automata :
Remainder of title 9th international conference, CIAA 2004, Kingston, Canada, July 22-24, 2004 : revised selected papers /
Statement of responsibility, etc Michael Domaratzki [and three others]
246 30 - VARYING FORM OF TITLE
Title proper/short title CIAA 2004
264 #1 - PUBLICATION, DISTRIBUTION, ETC. (IMPRINT)
Place of publication, distribution, etc Berlin ;
-- New York :
Name of publisher, distributor, etc Springer,
Date of publication, distribution, etc [2005]
264 #4 - PUBLICATION, DISTRIBUTION, ETC. (IMPRINT)
Date of publication, distribution, etc c2005
300 ## - PHYSICAL DESCRIPTION
Extent xii, 336 pages :
Other physical details illustrations ;
Dimensions 24 cm.
336 ## - CONTENT TYPE
Source rdacontent
Content type term text
Content type code txt
337 ## - MEDIA TYPE
Media type term unmediated
Source rdamedia
Media type code n
338 ## - CARRIER TYPE
Carrier type term volume
Carrier type code nc
Source rdacarrier
490 0# - SERIES STATEMENT
Series statement Lecture notes in computer science,
International Standard Serial Number 0302-9743 ;
Volume number/sequential designation 3317
504 ## - BIBLIOGRAPHY, ETC. NOTE
Bibliography, etc Includes bibliographical references and index.
650 #7 - SUBJECT ADDED ENTRY--TOPICAL TERM
Topical term or geographic name as entry element Machine theory
Form subdivision Congresses.
Source of heading or term BUEsh
651 ## - SUBJECT ADDED ENTRY--GEOGRAPHIC NAME
Source of heading or term BUEsh
653 ## - INDEX TERM--UNCONTROLLED
Resource For college Informatics and Computer Science
Arrived date list December2016
655 ## - INDEX TERM--GENRE/FORM
Form subdivision Reading book
700 1# - ADDED ENTRY--PERSONAL NAME
Personal name Domaratzki, Michael,
Relator term author.
942 ## - ADDED ENTRY ELEMENTS (KOHA)
Source of classification or shelving scheme Dewey Decimal Classification
Koha item type Book - Borrowing
Holdings
Withdrawn status Lost status Source of classification or shelving scheme Damaged status Not for loan Collection code Home library Current library Shelving location Date acquired Source of acquisition Cost, normal purchase price Serial Enumeration / chronology Total Checkouts Full call number Barcode Date last seen Cost, replacement price Price effective from Koha item type
    Dewey Decimal Classification     Scientific home BookShop Central Library Central Library First floor 27/12/2016 Purchase 465.00 2691   511.35 IMP 000040657 15/07/2025 581.25 27/12/2016 Book - Borrowing